Normal view
MARC view
- Gasparini Ludovico
Entry Personal Name
001 - CONTROL NUMBER
- control field: 40930
003 - CONTROL NUMBER IDENTIFIER
- control field: IT-RoPau
005 - DATE AND TIME OF LATEST TRANSACTION
- control field: 20151126160411.0
008 - FIXED-LENGTH DATA ELEMENTS
- fixed length control field: 151126|| aca||aabn | a|a d
040 ## - CATALOGING SOURCE
- Original cataloging agency: IT-RoPau
- Transcribing agency: IT-RoPau
100 ## - HEADING--PERSONAL NAME
- Personal name: Gasparini Ludovico
- Miscellaneous information: Codice regista SPICS: 58001
670 ## - SOURCE DATA FOUND
- Source citation: Work cat.: (IT-RoPau)105353: Gasparini Ludovico Codice regista SPICS: 58001, DON BOSCO DON BOSCO (Rif. Codice opera principale : H5285)